Pracovná pohotovosť

Pracovný čas je popri druhu práce a mieste práce jedným z troch skutočností, ktoré vymedzujú záväzok zamestnanca. Pracovný čas sa vo všeobecnosti charakterizuje ako istý časový úsek, v rámci ktorého je zamestnanec povinný plniť si povinnosti vyplývajúce z pracovného pomeru. Čo rozumieme pod pojmom p...

Description complète

Enregistré dans:
Détails bibliographiques
Auteur principal: Mrukviová Tomiová, Sandra
Format: Chapitre de livre
Langue:slovaque
Sujets:
Tags: Ajouter un tag
Pas de tags, Soyez le premier à ajouter un tag!

MARC

LEADER 00000naa a2200000 4500
001 0243856
005 20210226142249.0
041 0 |a slo 
044 |a SK 
245 1 0 |a Pracovná pohotovosť  |c Sandra Mrukviová Tomiová 
520 |a Pracovný čas je popri druhu práce a mieste práce jedným z troch skutočností, ktoré vymedzujú záväzok zamestnanca. Pracovný čas sa vo všeobecnosti charakterizuje ako istý časový úsek, v rámci ktorého je zamestnanec povinný plniť si povinnosti vyplývajúce z pracovného pomeru. Čo rozumieme pod pojmom pracovná pohotovosť. V akom rozsahu môže zamestnávateľ nariadiť pracovnú pohotovosť. Praktické príklady. 
610 2 0 |a zamestnanci 
610 2 0 |a zamestnávatelia 
610 2 0 |a práca 
610 2 0 |a čas pracovný 
610 2 0 |a pomer pracovný 
610 2 0 |a zákonník práce 
610 2 0 |a pohotovosť pracovná 
610 2 0 |a odmeňovanie 
100 1 |a Mrukviová Tomiová, Sandra